000 01136pam a2200301 a 4500
001 1143370
005 20230324092910.0
008 950519s1996 nyua b 001 0 eng
010 _a 95020395
020 _a0471034185 (cloth : alk. paper)
040 _aDLC
_cDLC
_dDLC
050 0 0 _aTL570
_b.E75 1996
082 0 0 _a629.1323
_220
_bETK
100 1 _aEtkin, Bernard.
_975225
245 1 0 _aDynamics of flight :
_bstability and control /
_cBernard Etkin, Lloyd Duff Reid.
250 _a3rd ed.
260 _aNew York :
_bWiley,
_cc1996.
300 _axi, 382 p. :
_bill. ;
_c26 cm.
504 _aIncludes bibliographical references (p. 373-375) and index.
650 0 _aAerodynamics.
_92589
650 0 _aStability of airplanes.
_983795
700 1 _aReid, Lloyd D.
_9111282
856 4 2 _3Publisher description
_uhttp://www.loc.gov/catdir/description/wiley033/95020395.html
856 4 _3Table of Contents
_uhttp://www.loc.gov/catdir/toc/onix04/95020395.html
906 _a7
_bcbc
_corignew
_d1
_eocip
_f19
_gy-gencatlg
942 _2ddc
_cBK
999 _c594203
_d594203